| 000 | 00429nam a2200097Ia 4500 | ||
|---|---|---|---|
| 008 | 180130s9999 xx 000 0 und d | ||
| 245 |
_cEisenlohr, Tory A.; Peters, Jessica R.; Baer, Ruth A. _aContemplative psychotherapies: using mindfulness effectively in clinical practice: two case studies |
||
| 260 | _c2014 | ||
| 300 | _aBook title: Case studies in psychotherapy--Acession number C19075; pages 173-192 | ||
| 650 | _aPSYCHOTHERAPY | ||
| 999 |
_c353936 _d353936 |
||